[Event "69th ch-RUS HL 2016"]
[Site "Kolomna RUS"]
[Date "2016.06.25"]
[Round "4.19"]
[White "Sjugirov, Sanan"]
[Black "Yuffa, Daniil"]
[Result "1-0"]
[WhiteTitle "GM"]
[BlackTitle "IM"]
[WhiteElo "2665"]
[BlackElo "2502"]
[WhiteFideId "4189302"]
[BlackFideId "24131423"]
[EventDate "2016.06.22"]

1. Nf3 Nf6 2. c4 c6 3. g3 d5 4. Bg2 Bf5 5. Qb3 Qb6 6. d3 e6 7. Be3 Qxb3 8. axb3
a6 9. Nbd2 Nbd7 10. Nh4 Bg6 11. h3 Bc5 12. Bxc5 Nxc5 13. b4 Ncd7 14. f4 Ke7 15.
g4 h6 16. Nxg6+ fxg6 17. e3 g5 18. fxg5 hxg5 19. Nf3 dxc4 20. dxc4 Ne4 21. Ra5
Rad8 22. Nd4 Nd6 23. b3 e5 24. Nf3 Nf7 25. Ke2 Ke6 26. Rc1 Rc8 27. Rf1 Nf6 28.
Ne1 Nd6 29. Nd3 Nd7 30. Rd1 Rcf8 31. Ra2 Ke7 32. Rad2 Rf6 33. Nc5 Nf8 34. Na4
Re6 35. Nb6 Rhh6 36. b5 axb5 37. c5 Ne8 38. Nc8+ Kf7 39. Ra1 Nf6 40. Ra7 Ng6 41.
Nd6+ Kg8 42. Ra8+ Nf8 43. Nf5 Rh8 44. Rdd8 Kf7 45. Nd6+ Ke7 46. Rdb8 1-0

[Event "69th ch-RUS HL 2016"]
[Site "Kolomna RUS"]
[Date "2016.06.25"]
[Round "4.21"]
[White "Kobalia, Mikhail"]
[Black "Kozionov, Kirill"]
[Result "1-0"]
[WhiteTitle "GM"]
[BlackTitle "IM"]
[WhiteElo "2638"]
[BlackElo "2440"]
[WhiteFideId "4119150"]
[BlackFideId "24101729"]
[EventDate "2016.06.22"]

1. c4 e6 2. Nf3 d5 3. g3 dxc4 4. Qa4+ Nd7 5. Qxc4 a6 6. Bg2 b5 7. Qc2 Bb7 8. O-O
Ngf6 9. Nc3 c5 10. a4 Qb6 11. d3 Rc8 12. axb5 axb5 13. Qb3 b4 14. Nb1 Bd5 15.
Qd1 c4 16. dxc4 Bxc4 17. Nbd2 Bd5 18. e4 Nxe4 19. Nxe4 Bxe4 20. Ne5 Nxe5 21.
Bxe4 Bc5 22. Qe2 O-O 23. Ra6 Qd8 24. Bb7 Bxf2+ 25. Qxf2 Nd3 26. Qe3 Rxc1 27.
Rxc1 Nxc1 28. Qxc1 Qd4+ 29. Kg2 g6 30. Qc2 Rd8 31. Ra8 Rxa8 32. Bxa8 Kg7 33. Qf2
Qe5 34. Qd2 Qc5 35. Bf3 h5 36. h4 Kg8 37. Be2 Qc6+ 38. Kf2 Qc5+ 39. Kf3 Qf5+ 40.
Qf4 Qd5+ 41. Kf2 Qc5+ 42. Qe3 Qf5+ 43. Kg2 Qf6 44. Qd2 Qe5 45. b3 Qc5 46. Bc4
Qc6+ 47. Kf2 Qc5+ 48. Kf3 Qc6+ 49. Ke3 Qc7 50. Kf2 Qc5+ 51. Ke2 Qe5+ 52. Kf3 Qc5
53. Qd8+ Kg7 54. Qd3 Qe5 55. Qe3 Qf5+ 56. Qf4 Qc5 57. Ke2 Qg1 58. Qe5+ Kh7 59.
Bd3 Qg2+ 60. Ke3 Qg1+ 61. Kd2 Qf2+ 62. Be2 Qa7 63. Kd3 Qa6+ 64. Ke3 Qa3 65. Bd1
Qc1+ 66. Ke2 Qc6 67. Kd2 Qd7+ 68. Kc1 Qa7 69. Bc2 Kg8 70. Kd2 Qf2+ 71. Kd3 Qf1+
72. Qe2 Qa1 73. Ke4 Qc3 74. Qd3 Qc5 75. Kf3 Qc6+ 76. Qe4 Qc3+ 77. Kg2 Qd2+ 78.
Kh3 Qc3 79. Bd1 Qc5 80. Be2 Qc3 81. Qc4 Qe5 82. Bd3 Qd6 83. Be2 Qe5 84. Kg2 Qd6
85. Kf3 Kg7 86. Qe4 Qc5 87. Bc4 Kg8 88. Bxe6 fxe6 89. Qxg6+ Kf8 90. Qf6+ Kg8 91.
Qxe6+ Kg7 92. Ke4 Qc2+ 93. Ke5 Qc5+ 94. Qd5 Qe3+ 95. Kd6 Kf6 96. Qg8 Qd4+ 97.
Kc6 Qc3+ 98. Kb5 Ke5 99. Qc4 Kf5 100. Qf4+ Ke6 101. Ka4 Kd5 102. Qxb4 Qxg3 103.
Qb5+ Kd4 104. Qc4+ Ke3 105. Qc3+ Kf2 106. Qxg3+ Kxg3 107. b4 Kxh4 108. b5 Kg3
109. b6 h4 110. b7 h3 111. b8=Q+ Kg2 112. Qb7+ Kg1 113. Qb6+ Kg2 114. Qc6+ Kg1
115. Qc5+ Kg2 116. Qd5+ Kg1 117. Qd4+ Kg2 118. Qe4+ Kg1 119. Qg4+ Kh2 120. Ka3 1-0

[Event "69th ch-RUS HL 2016"]
[Site "Kolomna RUS"]
[Date "2016.06.25"]
[Round "4.22"]
[White "Khairullin, Ildar"]
[Black "Sarana, Alexey"]
[Result "1/2-1/2"]
[WhiteTitle "GM"]
[BlackTitle "IM"]
[WhiteElo "2629"]
[BlackElo "2422"]
[WhiteFideId "4151348"]
[BlackFideId "24133795"]
[EventDate "2016.06.22"]

1. d4 Nf6 2. c4 e6 3. Nf3 d5 4. Nc3 dxc4 5. e4 Bb4 6. Bg5 c5 7. Bxc4 cxd4 8.
Nxd4 Qa5 9. Bd2 Qc5 10. Bb5+ Bd7 11. Nb3 Qe7 12. Bd3 Nc6 13. O-O O-O 14. a3 Bd6
15. h3 h6 16. Be3 Rfd8 17. Qe2 a6 18. Bb6 Rdc8 19. f4 e5 20. Nd5 Nxd5 21. exd5
Nd4 22. Nxd4 exd4 23. Qxe7 Bxe7 24. Rac1 Rxc1 25. Rxc1 Bd6 26. Rf1 Bb5 27. Bxb5
axb5 28. Bxd4 Rd8 29. Be3 Rc8 30. Rd1 f5 31. Rd3 Rc4 32. Kf2 Rc2+ 33. Rd2 Rc4
34. Kf3 b4 35. a4 b3 36. Rd3 Rxa4 37. Rxb3 Rb4 38. Rxb4 Bxb4 39. Bb6 Kf7 40. Ke3
Bd6 41. Bd4 g6 42. Be5 Bc5+ 43. Kd3 b5 44. Bd4 Bd6 45. Be5 Bc5 46. Bd4 Bd6 47.
Ke3 Be7 48. b3 h5 49. Bb6 Bf6 50. Kd3 Ke7 51. Bc5+ Kd7 52. Bb4 Bg7 53. h4 Bf6
54. g3 Bg7 55. Bc5 Bf6 56. b4 Bg7 1/2-1/2

[Event "69th ch-RUS HL 2016"]
[Site "Kolomna RUS"]
[Date "2016.06.25"]
[Round "4.23"]
[White "Yanchenko, Roman"]
[Black "Khismatullin, Denis"]
[Result "0-1"]
[WhiteTitle "FM"]
[BlackTitle "GM"]
[WhiteElo "2414"]
[BlackElo "2623"]
[WhiteFideId "4137329"]
[BlackFideId "4142578"]
[EventDate "2016.06.22"]

1. d4 g6 2. Nf3 Bg7 3. g3 c5 4. dxc5 Na6 5. Bg2 Nxc5 6. O-O Nf6 7. Be3 b6 8. c4
Bb7 9. Nc3 O-O 10. Qc1 Rc8 11. Bh6 Nce4 12. Bxg7 Kxg7 13. Nxe4 Bxe4 14. b3 b5
15. Qe3 bxc4 16. Qxa7 c3 17. Rfc1 d6 18. a4 e5 19. b4 Bxf3 20. Bxf3 d5 21. b5 e4
22. Bg2 d4 23. b6 Qd6 24. b7 Rc6 25. Rab1 Rb8 26. Qa5 Rc7 27. Qa7 Rc5 28. Rb6
Qe5 29. Bf1 Ra5 30. Ra6 Rxa6 31. Qxa6 Qd5 32. Rb1 Nd7 33. Rb5 Qc4 34. Qd6 c2 35.
Qxd7 c1=Q 36. Qd6 Qxe2 37. Qe5+ Kh6 0-1

[Event "69th ch-RUS HL 2016"]
[Site "Kolomna RUS"]
[Date "2016.06.25"]
[Round "4.24"]
[White "Bocharov, Ivan"]
[Black "Kurbedinov, Ramis"]
[Result "1-0"]
[WhiteTitle "FM"]
[BlackTitle "IM"]
[WhiteElo "2517"]
[BlackElo "2327"]
[WhiteFideId "4180887"]
[BlackFideId "14200619"]
[EventDate "2016.06.22"]

1. e4 e5 2. Nf3 Nc6 3. Bc4 Bc5 4. c3 Nf6 5. d3 d6 6. O-O a6 7. a4 Ba7 8. Na3 O-O
9. Kh1 d5 10. exd5 Nxd5 11. Qe2 Bg4 12. h3 Bh5 13. Qe4 Nf6 14. Qh4 Bxf3 15. gxf3
Na5 16. Rg1 Nxc4 17. Rxg7+ Kxg7 18. Bg5 Nd7 19. Rg1 Kh8 20. Bxd8 Raxd8 21. Nxc4
f6 22. Ne3 1-0

[Event "69th ch-RUS HL 2016"]
[Site "Kolomna RUS"]
[Date "2016.06.25"]
[Round "4.25"]
[White "Novikov, Maxim"]
[Black "Suleymanyants, Odisey"]
[Result "1-0"]
[WhiteTitle "GM"]
[BlackTitle "FM"]
[WhiteElo "2513"]
[BlackElo "2268"]
[WhiteFideId "4161289"]
[BlackFideId "24149357"]
[EventDate "2016.06.22"]

1. e4 e5 2. Nf3 Nc6 3. Bc4 d6 4. d4 exd4 5. Nxd4 Nf6 6. O-O Be7 7. Nc3 O-O 8.
Bf4 Re8 9. Re1 Bg4 10. Nxc6 bxc6 11. Qd3 Nd7 12. Qg3 Be6 13. Bb3 Bf6 14. Rad1
Qb8 15. Bg5 Bxg5 16. Qxg5 a5 17. Re3 h6 18. Qh5 Nf6 19. Qh4 Qb4 20. h3 Bxb3 21.
axb3 d5 22. Na2 Qc5 23. Rc3 Qd6 24. exd5 cxd5 25. Qd4 Re4 26. Qc5 Qe6 27. Re3
Rxe3 28. Qxe3 Qxe3 29. fxe3 Kf8 30. Nc3 Rd8 31. Ra1 d4 32. Rd1 c5 33. exd4 cxd4
34. Nb5 d3 35. Rxd3 Rxd3 36. cxd3 Nd5 37. Kf2 Ke7 38. Kf3 Nb4 39. d4 f5 40. Na3
g5 41. Nc4 Nc6 42. Ke3 Ke6 43. g4 fxg4 44. hxg4 Nb4 45. Nb6 Nc2+ 46. Ke4 Na1 47.
d5+ Kf6 48. Nd7+ Ke7 49. Nc5 Nc2 50. Nb7 Nb4 51. Nxa5 Na6 52. b4 Kd7 53. b5 Nc5+
54. Kd4 Na4 55. Nc4 h5 56. gxh5 g4 57. h6 g3 58. Ke3 Nc5 59. h7 1-0

[Event "69th ch-RUS HL 2016"]
[Site "Kolomna RUS"]
[Date "2016.06.25"]
[Round "4.26"]
[White "Khegay, Dmitriy"]
[Black "Prizant, Jaroslav"]
[Result "1/2-1/2"]
[WhiteTitle "FM"]
[BlackTitle "IM"]
[WhiteElo "2434"]
[BlackElo "2511"]
[WhiteFideId "24153729"]
[BlackFideId "4140664"]
[EventDate "2016.06.22"]

1. d4 f5 2. g3 Nf6 3. Bg2 g6 4. Nf3 Bg7 5. O-O O-O 6. b3 d6 7. Bb2 Qe8 8. c4 h6
9. Nc3 c6 10. d5 Na6 11. Nd4 Bd7 12. Qd2 Nc7 13. e4 c5 14. Nde2 b5 15. exf5 Bxf5
16. cxb5 Nxb5 17. Nxb5 Qxb5 18. Nf4 g5 19. Ne6 Bxe6 20. dxe6 Rab8 21. f4 g4 22.
Rac1 Nh7 23. Bxg7 Kxg7 24. Rc4 Nf6 25. Ra4 Qb6 26. Qa5 Qxa5 27. Rxa5 Ne8 28.
Rxa7 Kf6 29. Bd5 Ng7 30. a4 Nf5 31. Re1 Nd4 32. a5 Nc2 33. Re2 Nb4 34. Bg2 Rb5
35. Rd2 Rfb8 36. Bf1 R5b7 37. Rxb7 Rxb7 38. h3 gxh3 39. a6 Ra7 40. Rd1 Nc2 41.
Be2 Kxe6 42. Bg4+ Kf6 43. Bc8 Nb4 44. Kh2 Ra8 45. Bb7 Ra7 46. Ra1 e5 47. Kxh3
Nd3 48. Kg4 exf4 49. gxf4 h5+ 50. Kf3 Nb4 51. Kg3 Kf5 52. Bc8+ Kf6 53. Kh4 Nd5
54. Rd1 Nxf4 55. Rxd6+ Ke5 56. Rd2 Nd5 57. Kxh5 Nb4 58. Rd1 Ra8 59. Bb7 Ra7 60.
Ra1 Kd4 61. Ra5 Kc3 62. Rxc5+ Kxb3 63. Ra5 Nd3 64. Kg5 Kb4 65. Ra1 Nc5 66. Kf5
Kb5 67. Rb1+ Ka5 68. Bc6 Kxa6 1/2-1/2

[Event "69th ch-RUS HL 2016"]
[Site "Kolomna RUS"]
[Date "2016.06.25"]
[Round "4.27"]
[White "Rodin, Dmitrij"]
[Black "Gabrielian, Artur"]
[Result "0-1"]
[WhiteTitle "FM"]
[BlackTitle "GM"]
[WhiteElo "2371"]
[BlackElo "2520"]
[WhiteFideId "4127412"]
[BlackFideId "4131002"]
[EventDate "2016.06.22"]

1. e4 c5 2. Nf3 d6 3. d4 cxd4 4. Nxd4 Nf6 5. Nc3 a6 6. Be3 e6 7. f4 b5 8. Qf3
Bb7 9. Bd3 Be7 10. O-O-O Nbd7 11. g4 b4 12. Nce2 g5 13. fxg5 Ne5 14. Qf4 Nfxg4
15. Bd2 Qc8 16. Qg3 Nxd3+ 17. Qxd3 Nf2 18. Qf3 Nxh1 19. Rxh1 Qc5 20. Rf1 Rf8 21.
h4 Rc8 22. Qd3 a5 23. Kb1 Qc4 24. b3 Qxd3 25. cxd3 Ba6 26. Rf3 Kd7 27. a3 bxa3
28. Bxa5 f6 29. Rg3 fxg5 30. hxg5 Rf1+ 31. Ka2 e5 32. Rf3 Rxf3 33. Nxf3 Rc2+ 0-1

[Event "69th ch-RUS HL 2016"]
[Site "Kolomna RUS"]
[Date "2016.06.25"]
[Round "4.28"]
[White "Bezgodov, Alexei"]
[Black "Truskavetsky, Alexandr"]
[Result "1-0"]
[WhiteTitle "GM"]
[BlackTitle "IM"]
[WhiteElo "2493"]
[BlackElo "2389"]
[WhiteFideId "4105257"]
[BlackFideId "14108577"]
[EventDate "2016.06.22"]

1. e4 c5 2. Nc3 Nc6 3. Nge2 g6 4. d4 cxd4 5. Nxd4 Bg7 6. Be3 d6 7. Bc4 Ne5 8.
Bb3 Nf6 9. f3 O-O 10. Qd2 Bd7 11. O-O-O Rc8 12. Kb1 Nc4 13. Bxc4 Rxc4 14. g4 b5
15. b3 Rc5 16. Ne6 fxe6 17. Bxc5 Ne8 18. Bd4 e5 19. Bxa7 Rxf3 20. Rhf1 Rh3 21.
Nd5 e6 22. Bb6 Qh4 23. Nc7 Rxh2 24. Rf2 Rxf2 25. Bxf2 Qf6 26. Bb6 Nxc7 27. Bxc7
d5 28. g5 Qf3 29. exd5 e4 30. dxe6 Bxe6 31. Qd6 Kf7 32. Qf4+ Ke8 1-0

[Event "69th ch-RUS HL 2016"]
[Site "Kolomna RUS"]
[Date "2016.06.25"]
[Round "4.29"]
[White "Cherniaev, Alexander"]
[Black "Korniushin, Nikolay"]
[Result "1-0"]
[WhiteTitle "GM"]
[BlackTitle "IM"]
[WhiteElo "2451"]
[BlackElo "2348"]
[WhiteFideId "4117301"]
[BlackFideId "4123808"]
[EventDate "2016.06.22"]

1. c4 f5 2. Nf3 Nf6 3. Nc3 d6 4. d4 g6 5. e3 Bg7 6. Be2 O-O 7. O-O Qe8 8. Nd5
Na6 9. Rb1 c6 10. Nxf6+ Bxf6 11. b4 Nc7 12. Bb2 Be6 13. a4 Bf7 14. b5 g5 15. Ba3
g4 16. Nd2 Ne6 17. Bd3 Bg6 18. bxc6 bxc6 19. Qc2 Bg7 20. Rb7 Nd8 21. Rb2 c5 22.
f4 cxd4 23. e4 Qd7 24. Rb5 e6 25. exf5 Bxf5 26. Ne4 Nf7 27. Rfb1 Rfc8 28. Rxf5
exf5 29. Ng3 Rcb8 30. Re1 Re8 31. Rf1 Nh6 32. Nxf5 Nxf5 33. Bxf5 Qe7 34. Bxh7+
Kh8 35. Bd3 Qf6 36. Bc1 Bh6 37. Qd1 Rab8 38. Qxg4 Rb3 39. Qd7 Re7 40. Qh3 Kg7
41. Qg4+ Kf8 42. Qd1 Rb8 43. Qc2 Rbe8 44. Qf2 Bg7 45. g4 Re3 46. Bxe3 dxe3 47.
Qf3 Qc3 48. Be2 Qc2 49. Rd1 Qxa4 50. Rxd6 Qa1+ 51. Rd1 Qb2 52. Rd5 Kg8 53. Kg2
Qc2 54. Rd7 Re4 55. Rxa7 Bf8 56. Rd7 Bc5 57. g5 1-0

[Event "69th ch-RUS HL 2016"]
[Site "Kolomna RUS"]
[Date "2016.06.25"]
[Round "4.30"]
[White "Vasilyev, Vasily"]
[Black "Bykov, Egor"]
[Result "1-0"]
[WhiteTitle "FM"]
[BlackTitle "FM"]
[WhiteElo "2307"]
[BlackElo "2341"]
[WhiteFideId "24102180"]
[BlackFideId "34115290"]
[EventDate "2016.06.22"]

1. d4 d5 2. c4 c6 3. Nf3 Nf6 4. g3 dxc4 5. Bg2 g6 6. O-O Bg7 7. Qc2 b5 8. Ne5
Nd5 9. a4 Bb7 10. Nc3 a6 11. Ne4 Qb6 12. Rd1 O-O 13. b3 cxb3 14. Qxb3 Rd8 15. e3
Nd7 16. a5 Qc7 17. Nxf7 Kxf7 18. Ng5+ Kg8 19. Ne6 Qd6 20. Nxd8 Rxd8 21. e4 c5
22. exd5 c4 23. Qe3 Nf6 24. Ba3 Qd7 25. Qxe7 Nxd5 26. Qxd7 Rxd7 27. Bc5 Nc3 28.
Re1 Bxg2 29. Kxg2 Na4 30. Rad1 c3 31. Re8+ Kf7 32. Rc8 Nxc5 33. Rxc5 Rxd4 34.
Rc7+ Kf8 35. Re1 Rd6 36. Ree7 Bf6 37. Rxh7 Ke8 38. Rc8+ Rd8 39. Rc6 Bd4 40. Rxg6
Kf8 41. Rc6 Rb8 42. Rh4 Bg7 43. Rf4+ Ke8 44. Rc7 Be5 45. Re4 Kd8 46. Rc5 Bf6 47.
Rf4 Ke7 48. Rxf6 Kxf6 49. Rxc3 b4 50. Rb3 Ke5 51. h4 Kd4 52. h5 Kc4 53. Rb1 Kb5
54. h6 Rh8 55. Rh1 b3 56. g4 Kxa5 57. g5 Kb4 58. g6 b2 59. g7 Rg8 60. Kf3 1-0

[Event "69th ch-RUS HL 2016"]
[Site "Kolomna RUS"]
[Date "2016.06.27"]
[Round "5.1"]
[White "Oparin, Grigoriy"]
[Black "Fedoseev, Vladimir3"]
[Result "1-0"]
[WhiteTitle "GM"]
[BlackTitle "GM"]
[WhiteElo "2597"]
[BlackElo "2665"]
[WhiteFideId "24125890"]
[BlackFideId "24130737"]
[EventDate "2016.06.22"]

1. e4 e5 2. Nf3 Nc6 3. Bb5 Nf6 4. d3 d6 5. O-O Be7 6. c3 O-O 7. Re1 a6 8. Ba4 h6
9. Nbd2 Re8 10. Nf1 Bf8 11. Ng3 b5 12. Bb3 Na5 13. Bc2 c5 14. d4 cxd4 15. cxd4
exd4 16. Nxd4 Bb7 17. Bf4 Rc8 18. Rc1 g5 19. Bd2 Nc4 20. Bc3 d5 21. Ndf5 b4 22.
Bd4 dxe4 23. Ba4 Re6 24. Bb3 Rec6 25. Qe2 Na5 26. Rxc6 Rxc6 27. Bc2 Re6 28. Rd1
Qa8 29. h4 Nh7 30. hxg5 hxg5 31. Qg4 Bd5 32. Nh5 Qc6 33. Nf6+ Rxf6 34. Bxf6 Nxf6
35. Qxg5+ Kh8 36. Rxd5 Nxd5 37. Bxe4 Qf6 38. Qh5+ Kg8 39. Bxd5 Nc6 40. Qg4+ Kh8
41. Ng3 Ne5 42. Qh5+ Kg8 43. Ne4 Qe7 44. f4 Nd3 45. Qh3 Qa7+ 46. Kh2 Qd4 47. Qf5
Qg7 48. Ng5 Nf2 49. Kg3 Bc5 50. Bxf7+ Kh8 51. Qc8+ Bf8 52. Kxf2 Qxb2+ 53. Kg3
Qc3+ 54. Qxc3+ bxc3 55. Bb3 1-0

[Event "69th ch-RUS HL 2016"]
[Site "Kolomna RUS"]
[Date "2016.06.27"]
[Round "5.2"]
[White "Matlakov, Maxim"]
[Black "Predke, Alexandr"]
[Result "1/2-1/2"]
[WhiteTitle "GM"]
[BlackTitle "GM"]
[WhiteElo "2691"]
[BlackElo "2550"]
[WhiteFideId "4168003"]
[BlackFideId "24107581"]
[EventDate "2016.06.22"]

1. d4 Nf6 2. c4 e6 3. g3 d5 4. Bg2 dxc4 5. Nf3 Bb4+ 6. Bd2 a5 7. Qc2 Bxd2+ 8.
Qxd2 c6 9. a4 Ne4 10. Qf4 Qb6 11. Nbd2 Nxd2 12. Qxd2 O-O 13. O-O c5 14. Rfc1 Nc6
15. dxc5 Qxc5 16. b3 e5 17. Ng5 h6 18. Rxc4 Qb6 19. Bxc6 bxc6 20. Nf3 Qxb3 21.
Nxe5 Re8 22. Rc5 Bb7 23. Qa2 Qxa2 24. Rxa2 Rad8 25. f4 Rd5 26. Rc3 f6 27. Nxc6
Kh7 28. Kf2 Rc8 29. Rac2 Rxc6 30. Rxc6 Bxc6 31. Rxc6 Rd4 32. Ra6 Rxa4 33. e4
Rxe4 34. Rxa5 Rb4 35. h3 Rb3 36. Rc5 Ra3 37. Rb5 Rc3 38. Rd5 Rb3 39. Ra5 Rc3 40.
Rb5 Ra3 1/2-1/2

[Event "69th ch-RUS HL 2016"]
[Site "Kolomna RUS"]
[Date "2016.06.27"]
[Round "5.3"]
[White "Moiseenko, Vadim"]
[Black "Kokarev, Dmitry"]
[Result "1/2-1/2"]
[WhiteTitle "IM"]
[BlackTitle "GM"]
[WhiteElo "2497"]
[BlackElo "2624"]
[WhiteFideId "4123700"]
[BlackFideId "4132181"]
[EventDate "2016.06.22"]

1. e4 c5 2. Nf3 d6 3. d4 cxd4 4. Nxd4 Nf6 5. Nc3 a6 6. Be3 e5 7. Nf3 Be7 8. Bc4
O-O 9. O-O Nc6 10. Bg5 Be6 11. Bb3 Nd7 12. Bxe7 Qxe7 13. Nd5 Qd8 14. Qd2 Nc5 15.
Rfe1 Rc8 16. c3 Nxb3 17. axb3 Ne7 18. Nxe7+ Qxe7 19. c4 Rc6 20. Qd3 Rb8 21. Nd2
Qd7 22. Ra5 h6 23. Rea1 Qc7 24. h3 Rc5 25. b4 Rc6 26. b3 b5 27. Rxa6 bxc4 28.
Nxc4 Bxc4 29. Rxc6 Qxc6 30. Qxc4 Qxc4 31. bxc4 Rxb4 32. Ra8+ Kh7 33. Rc8 h5 34.
h4 f6 35. f3 Kg6 36. Rc6 Rb1+ 37. Kf2 Rb2+ 38. Kg3 Rd2 39. Rc7 Ra2 40. Rc6 Rd2 1/2-1/2

[Event "69th ch-RUS HL 2016"]
[Site "Kolomna RUS"]
[Date "2016.06.27"]
[Round "5.4"]
[White "Timofeev, Artyom"]
[Black "Goganov, Aleksey"]
[Result "1/2-1/2"]
[WhiteTitle "GM"]
[BlackTitle "GM"]
[WhiteElo "2586"]
[BlackElo "2620"]
[WhiteFideId "4140419"]
[BlackFideId "24109959"]
[EventDate "2016.06.22"]

1. d4 d5 2. c4 c6 3. Nf3 Nf6 4. Nc3 e6 5. e3 Nbd7 6. Bd3 dxc4 7. Bxc4 b5 8. Bd3
a6 9. e4 c5 10. e5 cxd4 11. Nxb5 axb5 12. exf6 gxf6 13. O-O Bb7 14. Bxb5 Rg8 15.
g3 Qc7 16. Nxd4 Bd6 17. Re1 Bxg3 18. hxg3 Rxg3+ 19. Kf1 Bg2+ 20. Ke2 Qe5+ 21.
Be3 Bf3+ 22. Nxf3 Qxb5+ 23. Qd3 Qxd3+ 24. Kxd3 Rxf3 25. Rh1 Rf5 26. Rxh7 Rd5+
27. Ke2 Ke7 28. a4 e5 29. b4 f5 30. f4 Nf6 31. Rh6 Ng4 32. Rh3 Nxe3 33. Kxe3 e4
34. Ra3 Rxa4 35. Rxa4 Rd3+ 36. Ke2 Rxh3 37. Ra5 Kf6 38. b5 Kg6 39. Kd2 Rb3 40.
Kc2 Rb4 41. Kc3 Rb1 42. Kc2 e3 43. Kd3 Rb3+ 44. Ke2 Kh5 45. Kf3 e2+ 46. Kxe2 Kg4
47. Ra7 Rb2+ 48. Ke3 Rb3+ 49. Kf2 Rxb5 50. Rxf7 Kxf4 51. Ra7 Rb2+ 1/2-1/2

[Event "69th ch-RUS HL 2016"]
[Site "Kolomna RUS"]
[Date "2016.06.27"]
[Round "5.5"]
[White "Shaposhnikov, Evgeny"]
[Black "Ponkratov, Pavel"]
[Result "1/2-1/2"]
[WhiteTitle "GM"]
[BlackTitle "GM"]
[WhiteElo "2545"]
[BlackElo "2573"]
[WhiteFideId "4122232"]
[BlackFideId "4157800"]
[EventDate "2016.06.22"]

1. Nf3 c5 2. c4 Nc6 3. d4 cxd4 4. Nxd4 Nf6 5. g3 Qb6 6. Nf3 Qc5 7. b3 g6 8. Be3
Qh5 9. Nc3 Bg7 10. Bg2 O-O 11. Rc1 d6 12. h3 Qa5 13. O-O Be6 14. Qd2 Rfd8 15.
Rfd1 Rac8 16. Nd4 Bd7 17. g4 Kf8 18. g5 Nh5 19. Ncb5 Qxd2 20. Rxd2 Nxd4 21. Nxd4
b5 22. Rdc2 Bxd4 23. Bxd4 Nf4 24. Be3 Nxg2 25. Kxg2 Bf5 26. Rb2 bxc4 27. Rxc4 a6
28. Rxc8 Rxc8 29. f3 Ke8 30. h4 Kd7 31. Bd2 Rc2 32. Rxc2 Bxc2 33. Ba5 Bb1 34. a3
Ba2 35. b4 Bc4 36. e4 Ke6 37. Kf2 f5 38. Ke3 fxe4 39. fxe4 Kd7 40. Kd4 1/2-1/2

[Event "69th ch-RUS HL 2016"]
[Site "Kolomna RUS"]
[Date "2016.06.27"]
[Round "5.6"]
[White "Zvjaginsev, Vadim"]
[Black "Gordievsky, Dmitry"]
[Result "1-0"]
[WhiteTitle "GM"]
[BlackTitle "IM"]
[WhiteElo "2677"]
[BlackElo "2523"]
[WhiteFideId "4113403"]
[BlackFideId "24112798"]
[EventDate "2016.06.22"]

1. e4 c5 2. Nc3 d6 3. d4 cxd4 4. Qxd4 e6 5. Nf3 Nc6 6. Bb5 Ne7 7. Be3 a6 8.
Bxc6+ Nxc6 9. Qb6 Qxb6 10. Bxb6 Bd7 11. O-O-O Rc8 12. Rd2 g5 13. Nxg5 Ne5 14.
Bd4 f6 15. f4 Bh6 16. Rdd1 Ng6 17. Bxf6 O-O 18. e5 Nxf4 19. Rxd6 Bc6 20. h4 Bxg2
21. Rhd1 b5 22. a3 a5 23. Nxb5 Ne2+ 24. Kb1 Bd5 25. Nd4 Bxg5 26. hxg5 Nxd4 27.
Rxd4 Rf7 28. b3 Rb7 29. Rd8+ Rxd8 30. Bxd8 Kf7 31. Bxa5 Ra7 32. b4 Kg6 33. c4
Ba8 34. Kb2 Kxg5 35. Bd8+ Kf5 36. Bf6 Be4 37. b5 h5 38. Rd2 Kf4 39. Kb3 Ke3 40.
Bg5+ Kf3 1-0

[Event "69th ch-RUS HL 2016"]
[Site "Kolomna RUS"]
[Date "2016.06.27"]
[Round "5.7"]
[White "Esipenko, Andrey"]
[Black "Lysyj, Igor"]
[Result "1/2-1/2"]
[WhiteTitle "FM"]
[BlackTitle "GM"]
[WhiteElo "2471"]
[BlackElo "2663"]
[WhiteFideId "24175439"]
[BlackFideId "4150120"]
[EventDate "2016.06.22"]

1. d4 Nf6 2. c4 e6 3. Nf3 d5 4. Nc3 dxc4 5. e4 Bb4 6. Bg5 h6 7. Bxf6 Qxf6 8.
Bxc4 c5 9. O-O cxd4 10. e5 Qd8 11. Nxd4 O-O 12. Rc1 Bd7 13. Qg4 Qg5 14. Qe4 Bc6
15. Nxc6 Nxc6 16. Bd3 g6 17. f4 Qe7 18. Qf3 Bxc3 19. Rxc3 Rad8 20. a3 Rd7 21.
Be4 Nd4 22. Qe3 Rfd8 23. h3 h5 24. Kh2 b6 25. Rfc1 Kg7 26. Rd3 Nf5 27. Bxf5 exf5
28. Rxd7 Qxd7 29. Rc4 Qd3 30. Qxd3 Rxd3 31. Rc7 Kf8 32. Rxa7 Rb3 33. h4 Rxb2 34.
Kg3 b5 35. Kf3 Rb3+ 36. Kf2 Rb2+ 37. Kf3 Rb3+ 38. Kf2 Rb2+ 39. Kf3 Rb3+ 40. Kf2
Rb2+ 1/2-1/2

[Event "69th ch-RUS HL 2016"]
[Site "Kolomna RUS"]
[Date "2016.06.27"]
[Round "5.8"]
[White "Riazantsev, Alexander"]
[Black "Chigaev, Maksim"]
[Result "1-0"]
[WhiteTitle "GM"]
[BlackTitle "IM"]
[WhiteElo "2646"]
[BlackElo "2542"]
[WhiteFideId "4125029"]
[BlackFideId "4108116"]
[EventDate "2016.06.22"]

1. d4 Nf6 2. c4 g6 3. Nc3 d5 4. Nf3 Bg7 5. Bf4 O-O 6. Rc1 Be6 7. c5 c6 8. e3
Nbd7 9. h3 Ne4 10. Be2 Nxc3 11. Rxc3 f6 12. b4 a6 13. O-O Bf7 14. a4 e5 15. Bh2
e4 16. Ne1 f5 17. Nc2 g5 18. b5 axb5 19. axb5 Be6 20. Bd6 Rf7 21. bxc6 bxc6 22.
Nb4 Qc8 23. Qd2 Nf8 24. Rb3 Rfa7 25. Rfb1 Qe8 26. Nc2 Nd7 27. Nb4 Nf8 28. Qd1
Bf7 29. Nc2 Nd7 30. Nb4 Nf8 31. Nc2 Nd7 32. Rb7 Qc8 33. Rxa7 Rxa7 34. Ra1 Rxa1
35. Qxa1 Qb7 36. Qa2 Bf8 37. Ba6 Qa8 38. Bxf8 Kxf8 39. Qa5 Be8 40. Nb4 Nb8 41.
Qd8 Qa7 42. Bc8 1-0

[Event "69th ch-RUS HL 2016"]
[Site "Kolomna RUS"]
[Date "2016.06.27"]
[Round "5.9"]
[White "Vavulin, Maksim"]
[Black "Romanov, Evgeny"]
[Result "1/2-1/2"]
[WhiteTitle "IM"]
[BlackTitle "GM"]
[WhiteElo "2507"]
[BlackElo "2642"]
[WhiteFideId "4169530"]
[BlackFideId "4148843"]
[EventDate "2016.06.22"]

1. e4 e5 2. Nf3 Nc6 3. Bb5 a6 4. Ba4 Nf6 5. O-O Be7 6. d3 d6 7. c3 O-O 8. Nbd2
Re8 9. Re1 Bf8 10. Nf1 h6 11. Ng3 b5 12. Bb3 Na5 13. Bc2 c5 14. d4 exd4 15. cxd4
Bg4 16. h3 Bxf3 17. Qxf3 Nc6 18. Be3 cxd4 19. Bf4 g6 20. Rad1 Rc8 21. Bb1 Nd7
22. Nf1 Nc5 23. Qg3 Re6 24. a3 d5 25. Nd2 Qe7 26. e5 Bg7 27. Nf3 Re8 28. Ba2 Ne4
29. Qh2 Rd8 30. h4 Qc5 31. Rc1 Qb6 32. Bxd5 Rxd5 33. Rxe4 b4 34. Qg3 bxa3 35.
bxa3 Qb3 36. Rxc6 Rxc6 37. e6 Rd8 38. exf7+ Qxf7 39. Ne5 Bxe5 40. Rxe5 d3 41.
Bd2 Re6 42. h5 Rxe5 43. Qxe5 Qf5 44. Qe7 Rb8 45. g3 Rf8 46. Qa7 gxh5 47. Bc3 Qg6
48. Qd4 Qh7 49. Qd5+ Qf7 50. Qd4 Qg6 51. Qd5+ Rf7 52. Qd8+ Rf8 53. Qd5+ Rf7 1/2-1/2